2005 British and Irish Lions Rugby in New Zealand - Starting Lineups in the Test Series - Statistics

General Stats
  • This quiz has been taken 719 times
  • The average score is 22 of 47
Answer Stats
Answer % Correct
Daniel Carter
91%
Richard McCaw
86%
Ali Williams
78%
Brian O'Driscoll
78%
Jonny Wilkinson
78%
Shane Williams
77%
Tana Umaga
73%
Stephen Jones
71%
Ryan Jones
70%
Keven Mealamu
67%
Conrad Smith
60%
Jason Robinson
60%
Justin Marshall
58%
Tony Woodcock
57%
Jerry Collins
55%
Paul O'Connell
55%
Sitiveni Sivivatu
52%
Doug Howlett
51%
Gareth Thomas
51%
Mils Muliaina
50%
Chris Jack
48%
Neil Back
45%
Josh Lewsey
44%
Byron Kelleher
43%
Richard Hill
43%
Steve Thompson
41%
Aaron Mauger
40%
Carl Hayman
40%
Gavin Henson
40%
Dwayne Peel
39%
Rodney So'oialo
39%
Gethin Jenkins
36%
Leon MacDonald
36%
Rico Gear
35%
Will Greenwood
35%
Ben Kay
34%
Julian White
33%
Luke McAlister
33%
Donncha O'Callaghan
32%
Lewis Moody
31%
Shane Byrne
27%
Greg Somerville
25%
Martin Corry
23%
Geordan Murphy
21%
Simon Easterby
19%
Mark Cueto
17%
Sione Lauaki
17%
No matching quizzes found
Score Distribution
Percent of People with Each Score
Percentile by Number Answered
Your Score History
You have not taken this quiz